[Event "GER-ch Seniors 65 34th"]
[Site "Magdeburg"]
[Date "2022.08.12"]
[Round "1"]
[White "Klundt, Klaus"]
[Black "Hartstock, Elmar"]
[Result "1-0"]
[WhiteElo "2288"]
[BlackElo "1853"]
[PlyCount "43"]
[EventDate "2022.08.12"]
[EventType "swiss"]
[EventRounds "9"]
[EventCountry "GER"]
[SourceTitle "CBM 209 Extra"]
[Source "ChessBase"]
[SourceDate "2022.09.30"]
[SourceVersion "1"]
[SourceVersionDate "2022.09.30"]
[SourceQuality "1"]

1. e4 c5 2. Nf3 a6 3. Nc3 Nc6 4. d4 cxd4 5. Nxd4 e5 6. Nf5 Nf6 7. Bg5 Bb4 8. Nxg7+ Kf8 9. Bh6 Kg8 10. Nh5 d5 11. Bg5 Bxc3+ 12. bxc3 Qa5 13. Nxf6+ Kg7 14. Nxd5 Kg6 15. h4 Be6 16. h5+ Kg7 17. Bf6+ Kg8 18. Qf3 Kf8 19. Bxh8 Bxd5 20. exd5 Nd4 21. Qd3 Rc8 22. Rh3 1-0

[Event "GER-ch Seniors 65"]
[Site "Hamburg"]
[Date "2018.07.29"]
[Round "9"]
[White "Hartstock, Elmar"]
[Black "Jung, Michael"]
[Result "1-0"]
[WhiteElo "1865"]
[BlackElo "1756"]
[PlyCount "61"]
[EventDate "2018.07.21"]
[EventType "swiss"]
[EventRounds "9"]
[EventCountry "GER"]
[SourceTitle "CBM 186 Extra"]
[Source "ChessBase"]
[SourceDate "2018.08.24"]
[SourceVersion "1"]
[SourceVersionDate "2018.08.24"]
[SourceQuality "1"]

1. c4 c5 2. Nc3 g6 3. g3 Bg7 4. Bg2 Nc6 5. e3 e6 6. Nge2 Nge7 7. a3 d5 8. cxd5 exd5 9. d4 cxd4 10. exd4 0-0 11. 0-0 Bg4 12. Be3 Re8 13. f3 Be6 14. Qd2 Nf5 15. Bf2 Na5 16. Qc2 Rc8 17. Rfd1 Nc4 18. Rd3 Ne7 19. g4 h5 20. h3 hxg4 21. fxg4 f5 22. b3 Nd6 23. Bf3 Ne4 24. Nf4 Qd6 25. Nxe6 Qxe6 26. Bxe4 fxe4 27. Rg3 Qd6 28. Qd2 Rf8 29. Kg2 Qb6 30. Na4 Qxb3 31. Rxb3 1-0

[Event "Mittelfranken-chTB2a 1516"]
[Site "Mittelfranken"]
[Date "2016.01.24"]
[Round "5.8"]
[White "Classen, Jakob"]
[Black "Hartstock, Elmar"]
[Result "1-0"]
[WhiteElo "1702"]
[BlackElo "1573"]
[PlyCount "83"]
[EventDate "2015.10.18"]
[EventType "team-tourn"]
[EventRounds "9"]
[EventCountry "GER"]
[SourceTitle "EXT 2020"]
[Source "ChessBase"]
[SourceDate "2019.10.17"]
[SourceVersion "1"]
[SourceVersionDate "2019.10.17"]
[SourceQuality "1"]
[WhiteTeam "Buechenbach/Roth II"]
[BlackTeam "Bad Windsheim/Ansbach"]
[WhiteTeamCountry "GER"]
[BlackTeamCountry "GER"]

1. d4 Nf6 2. e3 e6 3. Bd3 d5 4. Nf3 c5 5. c3 Nc6 6. Nbd2 c4 7. Bc2 Qc7 8. Qe2 Bd7 9. 0-0 0-0-0 10. b3 cxb3 11. axb3 a6 12. Bd3 Nb8 13. c4 Bb4 14. Ba3 Bxa3 15. Rxa3 Bc6 16. Ne5 Ne4 17. Rc1 f6 18. Nxc6 Qxc6 19. Raa1 Kd7 20. cxd5 Qxd5 21. Bxe4 Qb5 22. Qxb5+ axb5 23. Bxb7 Ke7 24. Kf1 f5 25. Nf3 Rd7 26. Bc6 Nxc6 27. Rxc6 Rhd8 28. Raa6 Rd6 29. Rxd6 Rxd6 30. Rxd6 Kxd6 31. Ke2 h6 32. Kd3 Kd5 33. Ne5 b4 34. f3 h5 35. e4+ fxe4+ 36. fxe4+ Kd6 37. Kc4 Kc7 38. Kxb4 g5 39. Kc5 h4 40. Nf3 g4 41. Nxh4 g3 42. hxg3 1-0

[Event "GER-chB Seniors 27th"]
[Site "Magdeburg"]
[Date "2015.08.23"]
[Round "9"]
[White "Schwichtenberg, Juergen"]
[Black "Hartstock, Elmar"]
[Result "1/2-1/2"]
[WhiteElo "1780"]
[BlackElo "1873"]
[PlyCount "80"]
[EventDate "2015.08.15"]
[EventType "swiss"]
[EventRounds "9"]
[EventCountry "GER"]
[SourceTitle "EXT 2018"]
[Source "ChessBase"]
[SourceDate "2017.10.13"]
[SourceVersion "1"]
[SourceVersionDate "2017.10.13"]
[SourceQuality "1"]

1. b4 Nf6 2. Bb2 e6 3. b5 c5 4. c4 b6 5. Nf3 Bb7 6. e3 d5 7. Be2 Be7 8. 0-0 0-0 9. d4 dxc4 10. Bxc4 a6 11. a4 axb5 12. axb5 Rxa1 13. Bxa1 Nbd7 14. Nbd2 Qc7 15. Qb3 Bd5 16. Bb2 Ra8 17. Ra1 Rxa1+ 18. Bxa1 Qa7 19. Bb2 cxd4 20. exd4 Qa8 21. h3 Bxc4 22. Qxc4 Nd5 23. Ne5 Nxe5 24. dxe5 h6 25. Ne4 Qb8 26. Bd4 Bd8 27. g3 Bc7 28. f4 g5 29. Qf1 gxf4 30. gxf4 Kh8 31. Qf3 Qg8+ 32. Kf2 Qg6 33. Nd6 Kg8 34. f5 Qg7 35. Ne8 Qg5 36. Qg4 Qxg4 37. hxg4 Bd8 38. Nd6 Kg7 39. Kf3 exf5 40. gxf5 Kf8 1/2-1/2

[Event "GER-chB Seniors 27th"]
[Site "Magdeburg"]
[Date "2015.08.22"]
[Round "8"]
[White "Hartstock, Elmar"]
[Black "Krueger, Bernhard"]
[Result "1/2-1/2"]
[WhiteElo "1873"]
[BlackElo "1732"]
[PlyCount "44"]
[EventDate "2015.08.15"]
[EventType "swiss"]
[EventRounds "9"]
[EventCountry "GER"]
[SourceTitle "EXT 2018"]
[Source "ChessBase"]
[SourceDate "2017.10.13"]
[SourceVersion "1"]
[SourceVersionDate "2017.10.13"]
[SourceQuality "1"]

1. c4 Nf6 2. d4 e6 3. a3 d5 4. Nc3 a6 5. g3 c6 6. Bg2 Be7 7. cxd5 Nxd5 8. Nxd5 exd5 9. e3 Bf5 10. Ne2 Nd7 11. Nc3 Nf6 12. 0-0 0-0 13. f3 c5 14. dxc5 Bxc5 15. Kh1 Be6 16. Ne2 Qb6 17. Nd4 a5 18. Re1 Rad8 19. Qd3 Bc8 20. Bd2 Nd7 21. Bc3 Ne5 22. Qe2 Nc6 1/2-1/2

[Event "GER-chB Seniors 27th"]
[Site "Magdeburg"]
[Date "2015.08.18"]
[Round "4"]
[White "Hartstock, Elmar"]
[Black "Narr, Irmgard"]
[Result "1-0"]
[WhiteElo "1873"]
[BlackElo "1743"]
[PlyCount "88"]
[EventDate "2015.08.15"]
[EventType "swiss"]
[EventRounds "9"]
[EventCountry "GER"]
[SourceTitle "EXT 2018"]
[Source "ChessBase"]
[SourceDate "2017.10.13"]
[SourceVersion "1"]
[SourceVersionDate "2017.10.13"]
[SourceQuality "1"]

1. c4 Nf6 2. d4 e6 3. Nc3 c5 4. d5 b6 5. e4 Bb7 6. Bf4 exd5 7. cxd5 h6 8. h4 a6 9. a4 d6 10. Nf3 Nbd7 11. Bd3 Qc7 12. Qe2 Ne5 13. Nxe5 dxe5 14. Bg3 Bd6 15. Rc1 0-0 16. 0-0 Rfe8 17. Bh2 Bc8 18. f3 Qe7 19. g3 Qd7 20. Qg2 Nh7 21. f4 Nf6 22. f5 Ng4 23. Qh3 Nf6 24. g4 Nh7 25. Qg2 Qe7 26. Qg3 Kh8 27. Kh1 Qd8 28. Bg1 Be7 29. Bf2 Bd6 30. Rg1 f6 31. Be3 Ra7 32. Rc2 Qd7 33. Rh2 Kg8 34. Bc4 Qf7 35. b3 Kf8 36. g5 fxg5 37. hxg5 Nxg5 38. Bxg5 hxg5 39. Qxg5 Qf6 40. Rh8+ Kf7 41. Qh5+ g6 42. Qh7+ Qg7 43. fxg6+ Kf6 44. Rf1+ Kg5 1-0

[Event "GER-chB Seniors 27th"]
[Site "Magdeburg"]
[Date "2015.08.17"]
[Round "3"]
[White "Peter, Volkhard"]
[Black "Hartstock, Elmar"]
[Result "1-0"]
[WhiteElo "1789"]
[BlackElo "1873"]
[PlyCount "79"]
[EventDate "2015.08.15"]
[EventType "swiss"]
[EventRounds "9"]
[EventCountry "GER"]
[SourceTitle "EXT 2018"]
[Source "ChessBase"]
[SourceDate "2017.10.13"]
[SourceVersion "1"]
[SourceVersionDate "2017.10.13"]
[SourceQuality "1"]

1. e4 c5 2. d4 cxd4 3. c3 dxc3 4. Nxc3 Nc6 5. Nf3 d6 6. Bc4 e6 7. 0-0 Nf6 8. Qe2 Be7 9. Rd1 Qc7 10. Nb5 Qb8 11. Bg5 0-0 12. Bxf6 gxf6 13. Rac1 a6 14. Nbd4 Nxd4 15. Nxd4 b5 16. Bd3 e5 17. Rxc8 Rxc8 18. Nf5 Kf8 19. Qg4 Rc7 20. Qg7+ Ke8 21. Qg8+ Kd7 22. Qxf7 Qf8 23. Qxh7 Re8 24. Ng7 Kc8 25. Qf5+ Kb8 26. Ne6 Qg8 27. Nxc7 Kxc7 28. Rc1+ Kb8 29. Qd7 Rc8 30. Rxc8+ Qxc8 31. Qxe7 Qc1+ 32. Bf1 Qxb2 33. Qxd6+ Kb7 34. Qd5+ Kb6 35. h4 b4 36. h5 Qd4 37. Qxd4+ exd4 38. h6 a5 39. h7 a4 40. h8Q 1-0

[Event "GER-chB Seniors 26th"]
[Site "Bad Neuenahr"]
[Date "2014.08.13"]
[Round "9"]
[White "Hartstock, Elmar"]
[Black "Essig, Gerd"]
[Result "1/2-1/2"]
[WhiteElo "1631"]
[BlackElo "1500"]
[PlyCount "115"]
[EventDate "2014.08.05"]
[EventType "swiss"]
[EventRounds "9"]
[EventCountry "GER"]
[SourceTitle "EXT 2018"]
[Source "ChessBase"]
[SourceDate "2017.10.13"]
[SourceVersion "1"]
[SourceVersionDate "2017.10.13"]
[SourceQuality "1"]

1. c4 e6 2. d4 d5 3. Nf3 Nf6 4. Nc3 Bb4 5. a3 Bxc3+ 6. bxc3 0-0 7. e3 dxc4 8. Bxc4 c6 9. 0-0 b5 10. Bd3 Qc7 11. e4 h6 12. e5 Nd5 13. Qc2 f5 14. c4 bxc4 15. Bxc4 Ba6 16. Bxd5 exd5 17. Re1 Bc8 18. Nd2 Be6 19. f4 Nd7 20. a4 c5 21. Ba3 Rfc8 22. Rec1 c4 23. Nb1 Rab8 24. Nc3 a6 25. Bd6 Qb6 26. Bxb8 Qxd4+ 27. Qf2 Qxf2+ 28. Kxf2 Rxb8 29. Rab1 d4 30. Rxb8+ Nxb8 31. Ne2 Nc6 32. Rb1 c3 33. Rb6 Bd5 34. Rxa6 Nb4 35. Rb6 Nd3+ 36. Kg3 c2 37. Rb8+ Kf7 38. Rc8 Bb3 39. a5 g5 40. a6 gxf4+ 41. Kh4 Nxe5 42. Nxd4 Bc4 43. Nxc2 Bxa6 44. Rc7+ Kf6 45. Nd4 Bf1 46. Rc2 Bd3 47. Rf2 Be4 48. Kh5 Ng4 49. Rxf4 Ke5 50. Ne2 Bd3 51. Nc1 Kxf4 52. Nxd3+ Ke3 53. h3 Nf6+ 54. Kg6 Ne4 55. Ne5 Ng3 56. Kxh6 Kf2 57. Nd3+ Kxg2 58. Nf4+ 1/2-1/2

[Event "GER-chB Seniors 26th"]
[Site "Bad Neuenahr"]
[Date "2014.08.12"]
[Round "8"]
[White "Jensen, Helmut"]
[Black "Hartstock, Elmar"]
[Result "1-0"]
[WhiteElo "1923"]
[BlackElo "1631"]
[PlyCount "97"]
[EventDate "2014.08.05"]
[EventType "swiss"]
[EventRounds "9"]
[EventCountry "GER"]
[SourceTitle "EXT 2018"]
[Source "ChessBase"]
[SourceDate "2017.10.13"]
[SourceVersion "1"]
[SourceVersionDate "2017.10.13"]
[SourceQuality "1"]

1. b4 Nf6 2. Bb2 e6 3. a3 d5 4. e3 Bd7 5. Nf3 c5 6. b5 c4 7. a4 a6 8. Nc3 Bb4 9. bxa6 Nxa6 10. Ne5 Bxc3 11. Bxc3 0-0 12. Be2 Qc7 13. 0-0 Nc5 14. Nxd7 Ncxd7 15. Bb4 Rfc8 16. a5 e5 17. Ra3 b6 18. Qa1 bxa5 19. Bxa5 Qc6 20. Rb1 Ra7 21. Rb2 Rca8 22. Rba2 h6 23. f3 Qc5 24. c3 Qc8 25. Bb4 Rxa3 26. Rxa3 Rxa3 27. Qxa3 Qb7 28. Bd1 g5 29. Qa5 h5 30. Ba4 Kg7 31. Bb5 h4 32. Qa6 Qxa6 33. Bxa6 e4 34. Kf2 Kg6 35. Bc8 Kh5 36. Bd6 g4 37. Bf4 gxf3 38. gxf3 exf3 39. Kxf3 Nc5 40. Bf5 Nce4 41. Ke2 Ng4 42. Bc8 Kg6 43. Bxg4 f5 44. Bf3 h3 45. Bxe4 dxe4 46. Kf2 Kh5 47. Kg3 Kg6 48. Kh4 Kf6 49. Kh5 1-0

[Event "GER-chB Seniors 26th"]
[Site "Bad Neuenahr"]
[Date "2014.08.11"]
[Round "7"]
[White "Hartstock, Elmar"]
[Black "Grigat, Klaus Dieter"]
[Result "0-1"]
[WhiteElo "1631"]
[BlackElo "1923"]
[PlyCount "82"]
[EventDate "2014.08.05"]
[EventType "swiss"]
[EventRounds "9"]
[EventCountry "GER"]
[SourceTitle "EXT 2018"]
[Source "ChessBase"]
[SourceDate "2017.10.13"]
[SourceVersion "1"]
[SourceVersionDate "2017.10.13"]
[SourceQuality "1"]

1. c4 g6 2. d4 Bg7 3. Nc3 d6 4. e4 c6 5. Be3 a6 6. a4 Nf6 7. f3 0-0 8. Bd3 e5 9. d5 cxd5 10. cxd5 Nbd7 11. Nge2 b6 12. 0-0 Nc5 13. Bc2 a5 14. Rb1 Na6 15. Qd2 Nb4 16. Bb3 Ba6 17. Nb5 Bxb5 18. axb5 Nd7 19. g4 Nc5 20. Bxc5 bxc5 21. Nc3 Bf6 22. Ra1 Bg5 23. Qe2 Bf4 24. Rf2 Kg7 25. Rg2 Rh8 26. Nd1 h5 27. Nf2 hxg4 28. Nxg4 Rh4 29. Bc4 Qb6 30. Qf2 Rah8 31. Re1 f6 32. Kf1 Kf7 33. Ke2 Nc2 34. Rh1 Nd4+ 35. Kd3 Rh3 36. Qg1 Rxf3+ 37. Ne3 Rxe3+ 38. Qxe3 Bxe3 39. Kxe3 Rh3+ 40. Kd2 Nxb5 41. Rf1 Nd4 0-1

[Event "Mittelfranken-chTB2a 1011"]
[Site "Germany"]
[Date "2010.11.21"]
[Round "3.8"]
[White "Hartstock, Elmar"]
[Black "Schluetter, Gerhard"]
[Result "1-0"]
[WhiteElo "1637"]
[BlackElo "1530"]
[PlyCount "69"]
[EventDate "2010.09.26"]
[EventType "team-tourn"]
[EventRounds "9"]
[EventCountry "GER"]
[SourceTitle "EXT 2012"]
[Source "ChessBase"]
[SourceDate "2011.11.24"]
[SourceVersion "1"]
[SourceVersionDate "2011.11.24"]
[SourceQuality "1"]
[WhiteTeam "Ansbach"]
[BlackTeam "Wilhermsdorf/Langenzenn"]
[WhiteTeamCountry "GER"]
[BlackTeamCountry "GER"]

1. c4 d5 2. cxd5 Nf6 3. e4 c6 4. dxc6 Nxc6 5. Nc3 e5 6. Bb5 Bd7 7. Nge2 a6 8. Ba4 b5 9. Bc2 Bc5 10. 0-0 Bg4 11. Qe1 Nh5 12. Nd5 0-0 13. d3 f5 14. Be3 Nd4 15. Nxd4 exd4 16. Bd2 f4 17. f3 Be6 18. Bb3 Qg5 19. Kh1 Ra7 20. Rc1 Be7 21. g4 Nf6 22. h4 Qxg4 23. fxg4 Nxg4 24. Rxf4 Rxf4 25. Bxf4 h5 26. Qg3 Kh8 27. Nxe7 Bxb3 28. axb3 Rxe7 29. Rc8+ Kh7 30. Rc7 Re6 31. Bg5 Rg6 32. Qf4 Ne3 33. Qf7 a5 34. Rc8 Rxg5 35. hxg5 1-0

[Event "Mittelfranken-chTB2a 1011"]
[Site "Germany"]
[Date "2010.09.26"]
[Round "1.7"]
[White "Koerber, Christian"]
[Black "Hartstock, Elmar"]
[Result "1-0"]
[WhiteElo "1630"]
[BlackElo "1637"]
[PlyCount "91"]
[EventDate "2010.09.26"]
[EventType "team-tourn"]
[EventRounds "9"]
[EventCountry "GER"]
[SourceTitle "EXT 2012"]
[Source "ChessBase"]
[SourceDate "2011.11.24"]
[SourceVersion "1"]
[SourceVersionDate "2011.11.24"]
[SourceQuality "1"]
[WhiteTeam "Fuerth II"]
[BlackTeam "Ansbach"]
[WhiteTeamCountry "GER"]
[BlackTeamCountry "GER"]

1. d4 Nf6 2. Nf3 e6 3. e3 c5 4. b3 Nc6 5. Bb2 a6 6. Nbd2 d5 7. Bd3 b5 8. c4 bxc4 9. bxc4 cxd4 10. Nxd4 Nxd4 11. Bxd4 dxc4 12. Bxc4 Be7 13. 0-0 0-0 14. Qf3 Bd7 15. Ne4 Nxe4 16. Qxe4 Qc7 17. Bd3 f5 18. Qe5 Qxe5 19. Bxe5 Bf6 20. Bxf6 Rxf6 21. Rab1 e5 22. Rfd1 Be6 23. a3 h6 24. Rb6 Bc8 25. Rdb1 Rxb6 26. Rxb6 e4 27. Bc4+ Kf8 28. h3 Ke7 29. Rc6 a5 30. Rc7+ Bd7 31. Bb5 Rd8 32. Ra7 Kd6 33. Bxd7 Rxd7 34. Rxa5 Ke6 35. a4 Rd1+ 36. Kh2 Rd2 37. Kg3 g5 38. Ra6+ Rd6 39. Rxd6+ Kxd6 40. f3 h5 41. h4 f4+ 42. exf4 e3 43. fxg5 Kd5 44. g6 Kd4 45. g7 Kd3 46. g8Q 1-0

[Event "Mittelfrankenliga-B2b 0506"]
[Site "Germany"]
[Date "2005.10.16"]
[Round "1.8"]
[White "Wiedemann, Jan"]
[Black "Hartstock, Elmar"]
[Result "1/2-1/2"]
[WhiteElo "1622"]
[BlackElo "1570"]
[PlyCount "97"]
[EventDate "2005.10.16"]
[EventType "team"]
[EventRounds "9"]
[EventCountry "GER"]
[SourceTitle "EXT 2007"]
[Source "ChessBase"]
[SourceDate "2006.11.23"]
[SourceVersion "1"]
[SourceVersionDate "2006.11.23"]
[SourceQuality "1"]

1. d4 e6 2. Nf3 Nf6 3. Bf4 c5 4. e3 Nc6 5. c3 d5 6. Bd3 b6 7. 0-0 Bd6 8. Bxd6 Qxd6 9. Nbd2 a6 10. Qe2 c4 11. Bc2 b5 12. e4 dxe4 13. Nxe4 Nxe4 14. Bxe4 0-0 15. Rfe1 Bb7 16. Rad1 Na5 17. Bxb7 Nxb7 18. Qe4 Qd5 19. Qxd5 exd5 20. Re7 Na5 21. Rde1 Nc6 22. R7e3 Rfd8 23. Ne5 Nxe5 24. Rxe5 Kf8 25. Kf1 Ra7 26. f4 a5 27. Kf2 b4 28. Rb1 Rb7 29. Ree1 Rdb8 30. Rbd1 bxc3 31. bxc3 Rb2+ 32. Re2 a4 33. Rde1 a3 34. Kf3 Rxe2 35. Rxe2 f6 36. g4 Kf7 37. h4 Rb2 38. Kf2 g6 39. Kf3 h6 40. Kf2 Rb1 41. Re1 Rb2+ 42. Re2 h5 43. g5 fxg5 44. fxg5 Rxe2+ 45. Kxe2 Ke6 46. Ke3 Kd7 47. Kf4 Kd6 48. Kf3 Kd7 49. Kf4 1/2-1/2